| 000 | 00535nam a2200145Ia 4500 | ||
|---|---|---|---|
| 008 | 140724s9999 xx 000 0 und d | ||
| 050 |
_aTP 1 _b.D278 2010 |
||
| 100 | _aDe Guzman, Paul Boris Eli D. | ||
| 245 |
_aAutomated enrollment system of center for autism and related disorder Philippines / _cPaul Boris Eli D. De Guzman. |
||
| 260 |
_aLas PiƱas, Philippines : _bSouthville International School and Colleges, _cc2010. |
||
| 300 |
_a40 p. : _bill. ; _c28 cm. |
||
| 521 | _aInformation Technology | ||
| 942 | _cTH | ||
| 999 |
_c229101 _d229101 |
||